000 00459nam a2200193Ia 4500
003 OSt
005 20220913095251.0
008 210210b1915 xxu||||| |||| 00| 0 eng d
040 _cAL
041 _aeng
082 _a538/63
100 _aWILSON (Harold A)
_957262
245 _aExperimental physics
260 _aLondon
_bAt the University Press
_c1915
300 _a408
690 _aMathematical Physics
_957263
906 _a009011
942 _2ddc
_cBK
999 _c127759
_d127759